Evaluación del acueducto propuesto por A y A para dotar de agua potable a la ciudad de Buenos Aires
Uloženo v:
| Hlavní autor: | |
|---|---|
| Médium: | Kniha |
| Vydáno: |
[San José , Costa Rica]
1984
|
| Témata: | |
| Tagy: |
Přidat tag
Žádné tagy, Buďte první, kdo vytvoří štítek k tomuto záznamu!
|
MARC
| LEADER | 00000nam a2200000Ia 4500 | ||
|---|---|---|---|
| 003 | 002389 | ||
| 005 | 20221231144410.0 | ||
| 008 | 140114s1984 c a m 000 ||s d | ||
| 040 | |c cru CEDI | ||
| 090 | |a TFG 1509 | ||
| 100 | |a Monge Zúñiga, Walter |9 14897 | ||
| 245 | |a Evaluación del acueducto propuesto por A y A para dotar de agua potable a la ciudad de Buenos Aires | ||
| 260 | |c 1984 |a [San José , Costa Rica] | ||
| 300 | |a 91, [17] : ilustraciones ; 28 cm | ||
| 500 | |a Proyecto de graduación (ingeniero civil)--Universidad de Costa Rica. Facultad de Ingeniería. Escuela de Ingeniería Civil | ||
| 650 | |x ACUEDUCTO DE BUENOS AIRES (PUNTARENAS, COSTA RICA) |x SUMINISTRO DE AGUA - BUENOS AIRES (PUNTARENAS, COSTA RICA) |9 14898 | ||
| 942 | |c TFG | ||
| 999 | |c 21301 |d 21301 | ||
